000 00418nam a2200181Ia 4500
003 0STCL
008 150530s9999 xx 000 0 und d
040 _aSTCL
_cSTCL
100 _aMoozhoor, Z.M.
245 _aGreek Purana Kathasagaram
250 _a7
260 _bCurrent Book; Thrissur
_c2008
_aThrissur
300 _a0
546 _aMalayalam
942 _2ddc
_cBK
999 _c45733
_d45733
005 20220125170655.0